عرض عادي
عرض مارك
- Feng, Hao.
مدخل إسم شخص
001 - رقم الضبط
- حقل الضبط: 3790
003 - معرف رقم الضبط
- حقل الضبط: OSt
005 - تاريخ ووقت أخر عملية
- حقل الضبط: 20110904152804.0
008 - عناصر بيانات ثابتة الطول
- حقل تحكم ثابت الطول: 110904|||a|||||| | ||| d
040 ## - مصدر الفهرسة
- هيئة الفهرسة الأصلية: OSt
- وكالة الكتابة: OSt
100 ## - مدخل -- أسم شخص
- إسم شخص: Feng, Hao.
670 ## - بيانات المصدر موجوده
- الاستشهاد بالمصدر: Work cat.: (OSt)0: Ultrasound technologies for food and bioprocessing /, c2011.
